• 首页
  • 本馆介绍
  • 公告通知
  • 最新文献
  • 馆藏检索
  • 电子资源
  • 读者导购
  • 参考咨询
  • 我的图书馆
  • 登录
  • 详细信息显示
  • 放入我的书架
  • 预约/预借图书
  • 作者相关作品
  • 分类相关作品
  • 丛书相关作品
  • 出版社相关作品

书目信息

  • 表格格式
  • 工作单格式
  • 卡片格式
题名:
乒乓球技战术诊断研究
    
 
作者: 肖丹丹 , 张晓栋 , 吴飞 主编
分册:  
出版信息: 北京   中国书籍出版社  2021.1
页数: 283页
开本: 24cm
丛书名: 高校学术研究论著丛刊
单 册:
中图分类: G846.19
科图分类:
主题词: 乒乓球运动--运动技术--研究
电子资源:
ISBN: 978-7-5068-7636-0
000 01223nam2 2200301 45
001 489884
005 20140818191848.0
010    @a978-7-5068-7636-0@dCNY80.00
100    @a20210315d2021 em y0chiy0110 ea
101 0  @achi
102    @aCN@b110000
105    @ak az 000yy
106    @ar
200 1  @a乒乓球技战术诊断研究@Aping pang qiu ji zhan shu zhen duan yan jiu@f肖丹丹, 张晓栋, 吴飞主编
210    @a北京@c中国书籍出版社@d2021.1
215    @a283页@d24cm
225 2  @a高校学术研究论著丛刊@i艺术体育
320    @a有书目(第277-283页)
330    @a本书对乒乓球技战术诊断进行了系统研究,主要内容包括:乒乓球技战术诊断研究的进展、乒乓球技战术三段指标评估法的扩展与应用、“乒乓军师”专项技战术视频分析系统的研发、中国优秀乒乓球男子运动员“关键分”技战术特征分析、中国优秀乒乓球女子运动员“关键分”技战术特征分析、2020年东京奥运会乒乓球项目主要对手日韩男子双打技战术特征分析等。
461  0 @12001 @a高校学术研究论著丛刊
462  0 @12001 @a艺术体育
606 0  @a乒乓球运动@x运动技术@x研究
690    @aG846.19@v5
701  0 @a肖丹丹@Axiao dan dan@4主编
701  0 @a张晓栋@Azhang xiao dong@4主编
701  0 @a吴飞@Awu fei@4主编
801    @aCN@b江苏凤凰@c20211018
905    @b1356762-5@dG846.19@e672@f4
    
    乒乓球技战术诊断研究/肖丹丹, 张晓栋, 吴飞主编.-北京:中国书籍出版社,2021.1
    283页;24cm.-(高校学术研究论著丛刊.艺术体育)
    
    
    ISBN 978-7-5068-7636-0:CNY80.00
    本书对乒乓球技战术诊断进行了系统研究,主要内容包括:乒乓球技战术诊断研究的进展、乒乓球技战术三段指标评估法的扩展与应用、“乒乓军师”专项技战术视频分析系统的研发、中国优秀乒乓球男子运动员“关键分”技战术特征分析、中国优秀乒乓球女子运动员“关键分”技战术特征分析、2020年东京奥运会乒乓球项目主要对手日韩男子双打技战术特征分析等。
●
相关链接 在E读中查询图书 在五车中查询图书 在当当中查询图书 在豆瓣中查询图书


正题名:乒乓球技战术诊断研究     索取号:G846.19/672         预约/预借

序号 登录号 条形码 馆藏地/架位号 状态 备注
1 1356762   213567629   第一样本阅览室/ [索取号:G846.19/672] 在馆    
2 1356763   213567638   第四借阅区/ [索取号:G846.19/672] 在馆    
3 1356764   213567647   第四借阅区/ [索取号:G846.19/672] 在馆    
4 1356765   213567656   第四借阅区/ [索取号:G846.19/672] 在馆    
唐山师范学院图书馆 欢迎您!
大连网信软件有限公司© 版权所有